LEADER 01355cas--2200421---4500 001 990000333660203316 005 20110207123935.0 011 $a0944-2669 035 $a0033366 035 $aUSA010033366 035 $a(ALEPH)000033366USA01 035 $a0033366 100 $a20010202d--------km-y0ENGy0103----ba 101 $aeng 102 $aDE 110 $aahazz--|||| 200 1 $aCalculus of variations and partial differential equations 210 $aBerlin$cSpringer 215 $av.$cill.$d24 cm 300 $aComincia nel 1993 300 $aDescrizione basata su Vol.3, n.1(1995)- 326 $aTrimestrale 517 $aCalculus of variations (Print) 606 0$aCalcolo delle variaizoni$xPeriodici$2BNCF 676 $a515.6405 801 0$aIT$bsalbc$gISBD 856 4$uhttp://www.springerlink.com/content/100507/$4.$zOnline da workstation autorizzate 912 $a990000333660203316 958 $aSCI$bPER III$c1995- 959 $aSE 979 $aPATTY$b90$c20010202$lUSA01$h1431 979 $c20020403$lUSA01$h1641 979 $aPATRY$b90$c20040406$lUSA01$h1623 979 $aCIANATIEMP$b90$c20110117$lUSA01$h1400 979 $aCIANATIEMP$b90$c20110126$lUSA01$h1657 979 $aCIANATIEMP$b90$c20110207$lUSA01$h1239 996 $aCalculus of variations and partial differential equations$980236 997 $aUNISA LEADER 01561nam--2200409---450- 001 990000997700203316 005 20100616112254.0 010 $a88-14-06161-0 035 $a0099770 035 $aUSA010099770 035 $a(ALEPH)000099770USA01 035 $a0099770 100 $a20020226d1996----km-y0itay0103----ba 101 $aita 102 $aIT 105 $a||||||||001yy 200 1 $aProgetti di investimento ed innovazione strategica, organizzativa e finanziaria$ela competizione internazionale nei servizi di pubblica utilità$fAntonella Zucchella 210 $aMilano$cGiuffré$dc1996 215 $aXV, 307 p$d24 cm 225 2 $aCollana di diritto ed economia$fUniversità degli Studi di Pavia, Dipartimento di ricerche aziendali$v32 410 $12001$aCollana di diritto ed economia$fUniversità degli Studi di Pavia, Dipartimento di ricerche aziendali$v32 410 $12001 606 0 $aServizi pubblici$xGestione 676 $a361.6068 700 1$aZUCCHELLA,$bAntonella$0117201 801 0$aIT$bsalbc$gISBD 912 $a990000997700203316 951 $aXXX.B. Coll. 114/ 24 (X 26 XIX 32)$b13165 G$cXXX.B. Coll. 114/ 24 (X 26 XIX)$d00271141 959 $aBK 969 $aGIU 979 $aPATTY$b90$c20020226$lUSA01$h1631 979 $aPATTY$b90$c20020325$lUSA01$h1117 979 $c20020403$lUSA01$h1741 979 $aPATRY$b90$c20040406$lUSA01$h1709 979 $aRSIAV2$b90$c20100616$lUSA01$h1122 996 $aProgetti di investimento ed innovazione strategica, organizzativa e finanziaria$9416784 997 $aUNISA